000
00364nam a22001337a 4500
082
_a
342.06 ZAF
100
_a
Zafar, Emmanuel
245
_a
Administrative Law /
_c
Emmanuel Zafar
260
_a
Lahore :
_b
Eastern Law Book House,
_c
N.A.
300
_a
521 p. ;
_c
24 cm.
942
_2
ddc
_c
BK
999
_c
587095
_d
587095